Ako nakupujú slovenskí spotrebitelia?

Prieskum trhu zameraný na zmapovanie postojov slovenských spotrebiteľov k domácim výrobkom. Kde najčastejšie ľudia nakupujú potraviny do domácnosti. Slovenské výrobky vedú najmä v kategóriách čerstvého tovaru.

Gespeichert in:
Bibliographische Detailangaben
Format: Buchkapitel
Sprache:Slowakisch
Schlagworte:
Tags: Tag hinzufügen
Keine Tags, Fügen Sie das erste Tag hinzu!

MARC

LEADER 00000naa a2200000 4500
001 r047467
005 20231004094137.6
041 0 |a slo 
044 |a SK 
245 1 0 |a Ako nakupujú slovenskí spotrebitelia? 
520 |a Prieskum trhu zameraný na zmapovanie postojov slovenských spotrebiteľov k domácim výrobkom. Kde najčastejšie ľudia nakupujú potraviny do domácnosti. Slovenské výrobky vedú najmä v kategóriách čerstvého tovaru. 
610 2 0 |a prieskum trhu 
610 2 0 |a spotrebitelia 
610 2 0 |a výrobky poľnohospodárske 
610 2 0 |a potraviny